000 00252nam a2200109Ia 4500
008 220204s9999 xx 000 0 und d
082 _a621
_bKHU
100 _aKhurmi, R S
245 0 _aTheory of machines
260 _aDelhi
_bEurasia
_c1976
942 _cBK
999 _c24731
_d24731